Nommés aux Trophées UNFP - Ligue 1 2025/2026 - Statistiques

Statistiques générales
  • Ce quiz a été pris 43 fois
  • Le résultat moyen est 15 sur 25
Statistiques - réponses
Catégorie Joueur % Correct
Meilleur joueur Ousmane Dembélé
95%
Meilleur entraîneur Luis Enrique
89%
Meilleur espoir Désiré Doué
87%
Meilleur français à l’étranger Kylian Mbappé
82%
Meilleur français à l’étranger Michael Olise
82%
Meilleur joueur Vitinha
79%
Meilleur entraîneur Pierre Sage
76%
Meilleur espoir João Neves
71%
Meilleur joueur Mason Greenwood
71%
Meilleur joueur Florian Thauvin
68%
Meilleur français à l’étranger William Saliba
66%
Meilleur espoir Valentín Barco
63%
Meilleur entraîneur Paulo Fonseca
61%
Meilleur joueur Nuno Mendes
58%
Meilleur gardien Brice Samba
55%
Meilleur entraîneur Bruno Genesio
55%
Meilleur français à l’étranger Rayan Cherki
55%
Meilleur gardien Robin Risser
55%
Meilleur espoir Warren Zaïre-Emery
55%
Meilleur gardien Dominik Greif
45%
Meilleur gardien Hervé Koffi
45%
Meilleur français à l’étranger Hugo Ekitike
45%
Meilleur entraîneur Olivier Pantaloni
34%
Meilleur gardien Mike Penders
29%
Meilleur espoir Ayyoub Bouaddi
26%
Aucun quiz correspondant
Distribution des résultats
% des personnes avec chaque résultat
Percentile par nombre de réponses
Votre historique - résultats
Vous n’avez pas pris ce quiz